The West Wing - TV Show - Statistics

General Stats
  • This quiz has been taken 35 times
  • The average score is 9 of 15
Answer Stats
Question Answer % Correct
What member of the Presidents cabinet does the staff select to be the designated survivor during the Presidents first State of the Union? Secretary of Agriculture
85%
In the episode "Artic Radar", what is the name of the military officer who has been arrested for having an affair with another officer (of lesser rank). Vicky Hilton
85%
New Deputy of Communications Will Bailey's father formerly held what title? Supreme Commander NATO Allied Forces Europe
80%
During season 5, Toby's new assistant Rina is in the outer office of the White House to deliver something to the President for Toby. Debbie tells Rina that she can put them in his hot little hands herself. What name does President Bartlet mistakenly call Rina? Lana
70%
Who do several prominent Democrats want to replace Josh with as Santos campaign manager? Leo McGarry
70%
In season 2, Mrs. Landingham is killed in a automobile accident at 18th & Potomac in her new car. What color is her new car? Blue
60%
Josh's actions help spur Senator Carrick to switch party affiliations. What state does Senator Carrick represent? Idaho
60%
What is the name of the U.S. Attorney for the District of Columbia that is Prosecuting Toby Ziegler? Peter Blake
60%
In the final episode, it is brought to President Barlet's attention that a train derailment has occurred on the border of two states. Which two states are they? New Hampshire and Massachusetts
55%
In the episode "Shutdown", President Bartlet goes to the Hill to see Speaker Haffley. Upron arrival, the President is made to wait. What is the color of the seat cushion on the bench that the President sits on while waiting? Red
55%
Near the end of the episode titled "King Corn", Will is seen getting what item out of a vending machine? ice cream bar
45%
After Zoey is found, it is decided that it would be best for her to spend time recovering back in New Hampshire. What is the name of her horse that President Bartlet mentions she can ride after her shoulder injury heals? Quince
45%
What gift does the Qumari Defense Minister give to President Bartlet during their meeting in the Oval Office? incense burner
40%
In the episode "The Lame Duck Congress", the President considers recalling the Senate from a winter holiday to push through a ratification of a new nuclear test ban treaty. Only to find out that they may not have the votes to push the ratification through. What state is the Senator from that Toby is shocked to find out will abstain? Pennsylvania
40%
Before President Bartlet's second inauguration, the staff realize that the President doesn't have a bible in which to take the oath of office on. From where does Charlie find a bible just in the nick of time? The House library
25%
No matching quizzes found
Score Distribution
Percent of People with Each Score
Percentile by Number Answered
Your Score History
You have not taken this quiz